Spirit leveling in Vermont, 1896-1935. (Record no. 27441)

MARC details
000 -LEADER
fixed length control field 00829cam a22002411 4500
001 - CONTROL NUMBER
control field gs 38000132
003 - CONTROL NUMBER IDENTIFIER
control field DLC
005 - DATE AND TIME OF LATEST TRANSACTION
control field 20260227111343.0
008 - FIXED-LENGTH DATA ELEMENTS--GENERAL INFORMATION
fixed length control field 791203s1938 dcuabf f001 0 eng
010 ## - LIBRARY OF CONGRESS CONTROL NUMBER
LC control number gs 38000132
035 ## - SYSTEM CONTROL NUMBER
System control number (OCoLC)5754466
040 ## - CATALOGING SOURCE
Original cataloging agency DLC
Transcribing agency Me
Modifying agency DLC
050 00 - LIBRARY OF CONGRESS CALL NUMBER
Classification number QE75
Item number .B9 no. 888
051 ## - LIBRARY OF CONGRESS COPY, ISSUE, OFFPRINT STATEMENT
Classification number QB296.U9
Item number V5 1896/1935
Copy information Copy 2.
100 1# - MAIN ENTRY--PERSONAL NAME
Personal name Staack, J. G.
Fuller form of name (John George),
Dates associated with a name 1878-
245 10 - TITLE STATEMENT
Title Spirit leveling in Vermont, 1896-1935.
Statement of responsibility, etc. [By] J. G. Staack, chief topographic engineer.
260 ## - PUBLICATION, DISTRIBUTION, ETC.
Place of publication, distribution, etc. Washington,
Name of publisher, distributor, etc. U.S. Govt. print. off.,
Date of publication, distribution, etc. 1938.
300 ## - PHYSICAL DESCRIPTION
Extent ii, 155 p. incl. illus. (map), tables. pl.
Dimensions 23 cm.
490 0# - SERIES STATEMENT
Series statement U.S. Geological survey. Bulletin 888
500 ## - GENERAL NOTE
General note At head of title: United States Department of the interior.
500 ## - GENERAL NOTE
General note Includes index.
651 #0 - SUBJECT ADDED ENTRY--GEOGRAPHIC NAME
Geographic name Vermont
General subdivision Altitudes.

No items available.

Powered by Koha